[Event "GBR-ch"]
[Site "Aberystwyth, Wales"]
[Date "2014.07.25"]
[Round "7.12"]
[White "Jackson, James P"]
[Black "Burnett, Jim"]
[Result "1-0"]
[WhiteElo "2320"]
[BlackElo "2124"]
[PlyCount "83"]
[EventDate "2014.07.19"]
[EventType "swiss"]
[EventRounds "11"]
[EventCountry "GBR"]
[Source "John Saunders"]
[SourceDate "2015.07.24"]

1. e4 e6 2. d4 d5 3. Nc3 Bb4 4. e5 c5 5. a3 Bxc3+ 6. bxc3 Ne7 7. Nf3 Qc7 8. h4
b6 9. Bb5+ Bd7 10. Bd3 Ba4 11. h5 h6 12. O-O c4 13. Be2 Nbc6 14. Re1 O-O-O 15.
Bf4 Kb8 16. Bh2 g5 17. Nd2 Rhg8 18. Bg4 Ka8 19. Nf1 Qd7 20. Ne3 Nf5 21. Be2 Qe7
22. Ng4 Rh8 23. Rf1 Nb8 24. Nf6 Nd7 25. g4 Ng7 26. Qd2 Ne8 27. Nxd7 Rxd7 28. f4
f6 29. f5 fxe5 30. dxe5 Nc7 31. Bf3 Bc6 32. Bg2 Rf8 33. a4 Qh7 34. a5 b5 35.
Qd4 Rdd8 36. Kh1 exf5 37. gxf5 Rxf5 38. Qc5 Rxf1+ 39. Rxf1 Qd7 40. Rf7 Qxf7 41.
Qxc6+ Kb8 42. e6 1-0

[Event "GBR-ch"]
[Site "Aberystwyth, Wales"]
[Date "2014.07.25"]
[Round "7.13"]
[White "Kett, Tim"]
[Black "Pleasants, Allan J"]
[Result "1/2-1/2"]
[WhiteElo "2270"]
[BlackElo "2061"]
[PlyCount "121"]
[EventDate "2014.07.19"]
[EventType "swiss"]
[EventRounds "11"]
[EventCountry "GBR"]
[Source "John Saunders"]
[SourceDate "2015.07.24"]

1. e4 d6 2. d4 g6 3. Nc3 Bg7 4. f4 a6 5. Nf3 b5 6. Bd3 Nd7 7. O-O Bb7 8. Qe2 c5
9. e5 cxd4 10. Ne4 Nc5 11. Nxc5 dxc5 12. f5 Qd5 13. fxg6 hxg6 14. b3 Rc8 15.
Re1 Nh6 16. Ng5 Nf5 17. Bf4 e6 18. a4 c4 19. Be4 Qd7 20. axb5 Bxe4 21. Nxe4
axb5 22. g4 d3 23. cxd3 cxd3 24. Qf2 O-O 25. gxf5 exf5 26. Ng5 Rc2 27. Bd2 Qd5
28. Nf3 Bh6 29. Rad1 Rd8 30. Qg3 Qc5+ 31. Kh1 Bxd2 32. Rxd2 Rxd2 33. Nxd2 Qc2
34. Qe3 Ra8 35. e6 Qc6+ 36. Nf3 Qxe6 37. Qxe6 fxe6 38. Rxe6 Ra1+ 39. Kg2 Rb1
40. Rxg6+ Kh7 41. Rd6 Rxb3 42. h4 Rc3 43. h5 Rc8 44. Kg3 b4 45. Rxd3 Kh6 46.
Kh4 Rc4+ 47. Rd4 Rxd4+ 48. Nxd4 f4 49. Kg4 f3 50. Nxf3 b3 51. Nd2 b2 52. Kh4
Kh7 53. Kg5 Kg7 54. h6+ Kh7 55. Kh5 Kh8 56. Kg6 Kg8 57. Nb1 Kh8 58. Nc3 Kg8 59.
h7+ Kh8 60. Kh6 b1=Q 61. Nxb1 1/2-1/2

[Event "GBR-ch"]
[Site "Aberystwyth, Wales"]
[Date "2014.07.25"]
[Round "7.14"]
[White "Graham, David B"]
[Black "Haria, Ravi"]
[Result "0-1"]
[WhiteElo "2155"]
[BlackElo "2202"]
[PlyCount "51"]
[EventDate "2014.07.19"]
[EventType "swiss"]
[EventRounds "11"]
[EventCountry "GBR"]
[Source "John Saunders"]
[SourceDate "2015.07.24"]

1. e4 e6 2. d3 d5 3. Nd2 Nf6 4. Ngf3 b6 5. e5 Nfd7 6. g3 Bb7 7. Bg2 Nc6 8. d4
f6 9. O-O fxe5 10. dxe5 Ndxe5 11. Nxe5 Nxe5 12. Qh5+ Nf7 13. Re1 Qd6 14. Nc4
Qe7 15. Bh3 g6 16. Qg4 Bc8 17. b3 e5 18. Qf3 Bxh3 19. Qxd5 Rd8 20. Qc6+ Bd7 21.
Qxc7 Bb5 22. Qxe7+ Bxe7 23. Nxe5 Nxe5 24. Bb2 Nf3+ 25. Kh1 Nxe1 26. Bxh8 0-1

[Event "GBR-ch"]
[Site "Aberystwyth, Wales"]
[Date "2014.07.25"]
[Round "7.15"]
[White "Shaw, Peter"]
[Black "Jarmany, John"]
[Result "1/2-1/2"]
[WhiteElo "2178"]
[BlackElo "2073"]
[PlyCount "81"]
[EventDate "2014.07.19"]
[EventType "swiss"]
[EventRounds "11"]
[EventCountry "GBR"]
[Source "John Saunders"]
[SourceDate "2015.07.24"]

1. d4 Nf6 2. c4 e6 3. Nc3 Bb4 4. Qc2 d5 5. Bg5 h6 6. Bxf6 Qxf6 7. e3 O-O 8. a3
Bxc3+ 9. Qxc3 c6 10. Nf3 Nd7 11. Bd3 Re8 12. O-O dxc4 13. Bxc4 e5 14. Rae1 e4
15. Nd2 Nb6 16. f3 Nxc4 17. Nxc4 Qd8 18. f4 Qd5 19. b4 Be6 20. Nd2 a5 21. Ra1
Ra6 22. Rfc1 Rea8 23. a4 Rb6 24. Rab1 axb4 25. Rxb4 Rxb4 26. Qxb4 Qa2 27. Nxe4
Bd5 28. Nf2 Rxa4 29. Qxb7 Qd2 30. Qb8+ Kh7 31. Qb1+ g6 32. f5 Ra2 33. fxg6+ Kg7
34. Rf1 Bc4 35. Qf5 fxg6 36. Qe5+ Kg8 37. Qe8+ Kg7 38. Qe7+ Kg8 39. Qd8+ Kg7
40. Qe7+ Kg8 41. Qe8+ 1/2-1/2

[Event "GBR-ch"]
[Site "Aberystwyth, Wales"]
[Date "2014.07.25"]
[Round "7.16"]
[White "Villiers, Thomas"]
[Black "Batchelor, Peter J"]
[Result "1/2-1/2"]
[WhiteElo "2068"]
[BlackElo "2177"]
[PlyCount "118"]
[EventDate "2014.07.19"]
[EventType "swiss"]
[EventRounds "11"]
[EventCountry "GBR"]
[Source "John Saunders"]
[SourceDate "2015.07.24"]

1. d4 d5 2. c4 e6 3. Nf3 Nf6 4. g3 Be7 5. Bg2 O-O 6. O-O dxc4 7. Qc2 a6 8. Qxc4
b5 9. Qc2 Bb7 10. Bd2 Nc6 11. e3 Nb4 12. Qc1 c5 13. Bxb4 cxb4 14. Nbd2 Rc8 15.
Qb1 Rc7 16. Rc1 Rxc1+ 17. Qxc1 Qa8 18. Qf1 Nd7 19. Rc1 Rd8 20. Ne1 e5 21. Nb3
e4 22. Qe2 Bd5 23. Qc2 Bd6 24. Na5 f5 25. Nc6 Rf8 26. Nd3 Bc4 27. Nde5 Bxe5 28.
Nxe5 Nxe5 29. dxe5 Rc8 30. b3 Be6 31. Qd2 Rxc1+ 32. Qxc1 Qc8 33. Qxc8+ Bxc8 34.
Bf1 Kf7 35. Be2 Ke6 36. Kf1 Kxe5 37. Ke1 g5 38. Kf1 Bd7 39. Kg2 a5 40. Bd1 a4
41. Kf1 Be6 42. Kg2 a3 43. Kf1 f4 44. Ke1 f3 45. Bc2 Kf5 46. Kf1 Kg4 47. Kg1
Bc4 48. Kh1 Bd3 49. Bd1 h5 50. Kg1 h4 51. Kh1 hxg3 52. hxg3 Kf5 53. Kh2 g4 54.
Kg1 Ke5 55. Kh2 Kd6 56. Kh1 Kc6 57. Kh2 Kb6 58. Kh1 Ka5 59. Kg1 Kb6 1/2-1/2

[Event "GBR-ch"]
[Site "Aberystwyth, Wales"]
[Date "2014.07.25"]
[Round "7.17"]
[White "Mason, Donald J"]
[Black "Wager, John D"]
[Result "1/2-1/2"]
[WhiteElo "2167"]
[BlackElo "2099"]
[PlyCount "85"]
[EventDate "2014.07.19"]
[EventType "swiss"]
[EventRounds "11"]
[EventCountry "GBR"]
[Source "John Saunders"]
[SourceDate "2015.07.24"]

1. d4 d5 2. Nf3 Nc6 3. c4 Bg4 4. Bg5 f6 5. cxd5 Bxf3 6. exf3 Qxd5 7. Be3 e5 8.
Nc3 Bb4 9. Qa4 exd4 10. Qxb4 Nxb4 11. Nxd5 Nxd5 12. Bxd4 Nge7 13. O-O-O c5 14.
Be3 b6 15. Bc4 O-O-O 16. Rd2 Nxe3 17. fxe3 Rxd2 18. Kxd2 Kc7 19. Ke2 Rd8 20.
Bd3 h6 21. g4 Nc6 22. Be4 a5 23. Rc1 Rd6 24. h4 Kd7 25. f4 Ke7 26. Rc3 Kd7 27.
h5 Ne7 28. a4 Ke6 29. Rd3 Rxd3 30. Kxd3 Kd6 31. Kc4 Kc7 32. Bf3 Kd6 33. Kb5 Kc7
34. Kc4 Kd6 35. Ba8 Kc7 36. e4 Kd6 37. Kb5 Kc7 38. e5 fxe5 39. fxe5 Nc8 40. Be4
Ne7 41. Kc4 Kd7 42. Bf5+ Kc6 43. Be4+ 1/2-1/2

[Event "GBR-ch"]
[Site "Aberystwyth, Wales"]
[Date "2014.07.25"]
[Round "7.18"]
[White "Hoare, Amy B"]
[Black "Hill, Clive E"]
[Result "1-0"]
[WhiteElo "1950"]
[BlackElo "2330"]
[PlyCount "85"]
[EventDate "2014.07.19"]
[EventType "swiss"]
[EventRounds "11"]
[EventCountry "GBR"]
[Source "John Saunders"]
[SourceDate "2015.07.24"]

1. e4 g6 2. d4 Bg7 3. Nc3 d6 4. Be3 e6 5. Qd2 b6 6. Bd3 Ba6 7. Nf3 h6 8. h3 Ne7
9. O-O Bxd3 10. Qxd3 O-O 11. Rad1 a5 12. Qc4 d5 13. exd5 Nxd5 14. Nxd5 Qxd5 15.
Qxc7 Na6 16. Qg3 Qxa2 17. Qh4 h5 18. Ng5 f6 19. Nf3 Qd5 20. Nd2 b5 21. Qe4 a4
22. Qxg6 Qf5 23. Qxf5 exf5 24. Bf4 Rac8 25. c3 Rfd8 26. Nf3 a3 27. Ra1 Rc6 28.
Rxa3 b4 29. Rb3 Bf8 30. Ra1 Nc7 31. Bxc7 Rxc7 32. Ra5 Kg7 33. Rxf5 Kg6 34. Nh4+
Kf7 35. Rxh5 Ke6 36. Rb5 Ra7 37. g3 Ra6 38. Kg2 bxc3 39. bxc3 Ra2 40. Kf3 Rd5
41. Rb6+ Bd6 42. g4 Kd7 43. Nf5 1-0

[Event "GBR-ch"]
[Site "Aberystwyth, Wales"]
[Date "2014.07.25"]
[Round "7.19"]
[White "Tambini, Jasper"]
[Black "Hill, Alistair"]
[Result "1/2-1/2"]
[WhiteElo "2047"]
[BlackElo "2126"]
[PlyCount "39"]
[EventDate "2014.07.19"]
[EventType "swiss"]
[EventRounds "11"]
[EventCountry "GBR"]
[Source "John Saunders"]
[SourceDate "2015.07.24"]

1. e4 c5 2. Nc3 a6 3. a4 e6 4. f4 d5 5. Nf3 Nc6 6. d3 Nge7 7. Qe2 g6 8. g3 Bg7
9. Bg2 O-O 10. h4 dxe4 11. Nxe4 Nf5 12. c3 e5 13. O-O Re8 14. Qf2 Qxd3 15. Nxc5
Qd8 16. fxe5 Nxe5 17. Bf4 Ng4 18. Qd2 Qb6 19. b4 Be6 20. a5 1/2-1/2

[Event "GBR-ch"]
[Site "Aberystwyth, Wales"]
[Date "2014.07.25"]
[Round "7.20"]
[White "Elwin, Adrian G"]
[Black "Menadue, Jeremy F S"]
[Result "1/2-1/2"]
[WhiteElo "1974"]
[BlackElo "2117"]
[PlyCount "42"]
[EventDate "2014.07.19"]
[EventType "swiss"]
[EventRounds "11"]
[EventCountry "GBR"]
[Source "John Saunders"]
[SourceDate "2015.07.24"]

1. d4 d5 2. c4 c6 3. cxd5 cxd5 4. Bf4 Nf6 5. e3 Nc6 6. Nc3 a6 7. Nf3 e6 8. Rc1
Bd6 9. Bxd6 Qxd6 10. Bd3 O-O 11. Bb1 Re8 12. Ne2 Bd7 13. O-O Rad8 14. Ng3 g6
15. Re1 Bc8 16. h3 Kg7 17. Qc2 Bd7 18. Qc5 Qb8 19. Qb6 Bc8 20. Rxc6 Nd7 21.
Rxc8 Rxc8 1/2-1/2

[Event "GBR-ch"]
[Site "Aberystwyth, Wales"]
[Date "2014.07.25"]
[Round "7.21"]
[White "Hackner, Oskar A"]
[Black "Brusey, Alan W"]
[Result "1-0"]
[WhiteElo "2108"]
[BlackElo "1951"]
[PlyCount "57"]
[EventDate "2014.07.19"]
[EventType "swiss"]
[EventRounds "11"]
[EventCountry "GBR"]
[Source "John Saunders"]
[SourceDate "2015.07.24"]

1. d4 d5 2. c4 Nc6 3. cxd5 Qxd5 4. e3 e5 5. Nc3 Bb4 6. Bd2 Bxc3 7. bxc3 exd4 8.
cxd4 Nf6 9. Ne2 Ne4 10. Nc3 Nxc3 11. Bxc3 O-O 12. f3 Re8 13. Kf2 a5 14. e4 Qd6
15. Qd2 b6 16. Bc4 Ba6 17. Bd5 Rad8 18. Rac1 Ne7 19. Bb3 c5 20. d5 c4 21. Qd4
f6 22. Bxc4 b5 23. Bb3 b4 24. Bd2 Nf5 25. Qc5 Qe5 26. d6+ Kh8 27. Qxe5 Rxe5 28.
Bf4 Rxd6 29. exf5 1-0

[Event "GBR-ch"]
[Site "Aberystwyth, Wales"]
[Date "2014.07.25"]
[Round "7.22"]
[White "Waddington, Mike P"]
[Black "Zhang, Anthony Y"]
[Result "1/2-1/2"]
[WhiteElo "2085"]
[BlackElo "1926"]
[PlyCount "114"]
[EventDate "2014.07.19"]
[EventType "swiss"]
[EventRounds "11"]
[EventCountry "GBR"]
[Source "John Saunders"]
[SourceDate "2015.07.24"]

1. Nc3 c5 2. e4 Nc6 3. f4 g6 4. Nf3 Bg7 5. Bc4 e6 6. f5 Nge7 7. fxe6 dxe6 8.
O-O Nd4 9. d3 Nec6 10. a4 O-O 11. Bf4 b6 12. Qd2 a6 13. Bh6 Qe7 14. Bxg7 Kxg7
15. Nd1 f6 16. Ne3 Nxf3+ 17. Rxf3 Ne5 18. Rh3 Bd7 19. Bb3 Rad8 20. Nc4 Nxc4 21.
Qh6+ Kh8 22. Bxc4 Qg7 23. Qe3 Ra8 24. a5 b5 25. Ba2 Rac8 26. c3 Qe7 27. e5 f5
28. Qh6 Qg7 29. Qxg7+ Kxg7 30. Re3 f4 31. Ree1 Kf7 32. Kf2 Ke7 33. Rad1 Bc6 34.
d4 c4 35. b3 cxb3 36. Bxb3 Bd5 37. Bxd5 exd5 38. Rd3 Rc4 39. Ra1 h5 40. h4 Ke6
41. Ke2 Kf5 42. Rf3 b4 43. Raf1 Ke6 44. Rxf4 Rxf4 45. Rxf4 bxc3 46. Kd1 c2+ 47.
Kc1 Ke7 48. g3 Ra4 49. Rf6 Rxa5 50. Rxg6 Ra4 51. Kxc2 Rxd4 52. Rxa6 Re4 53. Kd3
Rxe5 54. Kd4 Re4+ 55. Kxd5 Rg4 56. Rh6 Rxg3 57. Rxh5 Kf7 1/2-1/2

[Event "GBR-ch"]
[Site "Aberystwyth, Wales"]
[Date "2014.07.25"]
[Round "7.23"]
[White "Jones, Steven A"]
[Black "Lenier, Jude A"]
[Result "1/2-1/2"]
[WhiteElo "2064"]
[BlackElo "2099"]
[PlyCount "97"]
[EventDate "2014.07.19"]
[EventType "swiss"]
[EventRounds "11"]
[EventCountry "GBR"]
[Source "John Saunders"]
[SourceDate "2015.07.24"]

1. e4 e5 2. Nf3 Nf6 3. Nxe5 d6 4. Nf3 Nxe4 5. Nc3 Nxc3 6. dxc3 Be7 7. Be3 Nd7
8. Qd2 O-O 9. O-O-O b6 10. Be2 Bb7 11. Nd4 Bf6 12. Bf3 Bxf3 13. Nxf3 Nc5 14.
Nd4 Qd7 15. f3 Rfe8 16. g4 g6 17. Kb1 Ne6 18. h4 d5 19. Nxe6 Qxe6 20. Rde1 Qd6
21. h5 c5 22. Bf4 Be5 23. Bxe5 Rxe5 24. Rd1 Rae8 25. a3 Re3 26. hxg6 fxg6 27.
Qxd5+ Qxd5 28. Rxd5 R8e7 29. Rf1 Re1+ 30. Rd1 Rxd1+ 31. Rxd1 Re3 32. Rf1 h5 33.
gxh5 gxh5 34. Rh1 Rxf3 35. Rxh5 Kg7 36. Ka2 Rf4 37. Rd5 Kf8 38. Rd7 Rf7 39.
Rxf7+ Kxf7 40. Kb3 Ke6 41. Kc4 a6 42. b4 Kd6 43. bxc5+ bxc5 44. a4 Kc6 45. a5
Kd6 46. Kd3 Kd5 47. Ke3 Ke5 48. Kf3 Kf5 49. c4 1/2-1/2

[Event "GBR-ch"]
[Site "Aberystwyth, Wales"]
[Date "2014.07.25"]
[Round "7.24"]
[White "Horton, Justin"]
[Black "Davis, Lee"]
[Result "0-1"]
[WhiteElo "2104"]
[BlackElo "1978"]
[PlyCount "92"]
[EventDate "2014.07.19"]
[EventType "swiss"]
[EventRounds "11"]
[EventCountry "GBR"]
[Source "John Saunders"]
[SourceDate "2015.07.24"]

1. Nf3 g6 2. d4 d6 3. g3 Bg7 4. Bg2 Nf6 5. O-O O-O 6. c4 Nbd7 7. Nc3 e5 8. e4
c6 9. h3 Qb6 10. Re1 Re8 11. d5 cxd5 12. cxd5 Nc5 13. Nd2 Nd3 14. Re3 Nxc1 15.
Qxc1 Bd7 16. Rb1 Rec8 17. Qd1 Bh6 18. Re1 Nh5 19. Bf3 Nxg3 20. Kg2 Qd4 21. fxg3
Qxd2+ 22. Qe2 b5 23. Nd1 Rc2 24. Qxd2 Rxd2+ 25. Re2 Rxe2+ 26. Bxe2 Rc8 27. Bd3
b4 28. g4 Ba4 29. b3 Bd7 30. Rb2 Rc1 31. Nf2 Rc3 32. Rc2 Rxc2 33. Bxc2 Bd2 34.
Nd3 Bc3 35. Nc1 f5 36. gxf5 gxf5 37. exf5 Kg7 38. Ne2 Be1 39. Ng1 Kf6 40. Nf3
Bc3 41. Nh4 Bd2 42. Nf3 Bf4 43. Ne1 Bxf5 44. Nd3 Bd2 45. h4 e4 46. Nf2 e3 0-1

[Event "GBR-ch"]
[Site "Aberystwyth, Wales"]
[Date "2014.07.25"]
[Round "7.25"]
[White "Bullen, Alex"]
[Black "Fathallah, Joe"]
[Result "1-0"]
[WhiteElo "2054"]
[BlackElo "1953"]
[PlyCount "65"]
[EventDate "2014.07.19"]
[EventType "swiss"]
[EventRounds "11"]
[EventCountry "GBR"]
[Source "John Saunders"]
[SourceDate "2015.07.24"]

1. c3 d5 2. d4 e6 3. Nf3 Bd6 4. h3 Nd7 5. g4 c5 6. Bg2 Ngf6 7. Nbd2 Qe7 8. Qc2
Rb8 9. e4 Nxe4 10. Nxe4 dxe4 11. Qxe4 b6 12. Qe2 Bb7 13. Be3 Nf6 14. O-O-O O-O
15. Bg5 b5 16. dxc5 Bxc5 17. Bf4 b4 18. Bxb8 Rxb8 19. c4 b3 20. axb3 a5 21. Qe5
Ra8 22. Ne1 Bxg2 23. Nxg2 Bxf2 24. Rd2 Bb6 25. Rhd1 Qb7 26. Qb5 Qc7 27. g5 Nd5
28. Kb1 Nb4 29. Rd7 Qb8 30. c5 Qe5 31. Rd8+ Rxd8 32. Rxd8+ Bxd8 33. Qe8# 1-0

[Event "GBR-ch"]
[Site "Aberystwyth, Wales"]
[Date "2014.07.25"]
[Round "7.26"]
[White "Slade, Theodore"]
[Black "Kalaiyalahan, Akshaya"]
[Result "0-1"]
[WhiteElo "1818"]
[BlackElo "2016"]
[PlyCount "140"]
[EventDate "2014.07.19"]
[EventType "swiss"]
[EventRounds "11"]
[EventCountry "GBR"]
[Source "John Saunders"]
[SourceDate "2015.07.24"]

1. e4 c5 2. c3 e6 3. d4 d5 4. exd5 exd5 5. Nf3 Nc6 6. Bb5 Bd6 7. dxc5 Bxc5 8.
O-O Nge7 9. Nbd2 O-O 10. Nb3 Bd6 11. Re1 Bg4 12. Be2 Bc7 13. Nfd4 Bxe2 14. Qxe2
Ng6 15. Be3 Re8 16. Qd2 Nce5 17. Bf4 Nxf4 18. Qxf4 Qd6 19. Qg3 Nd3 20. Qxd6
Bxd6 21. Rxe8+ Rxe8 22. Rb1 Nxb2 23. Nf5 Nc4 24. Nxd6 Nxd6 25. f3 Nc4 26. Nd4
b6 27. Rb5 Ne3 28. h4 Rc8 29. Ne2 f6 30. Kf2 Nd1+ 31. Ke1 Nxc3 32. Nxc3 Rxc3
33. Rxd5 Rc2 34. Rd8+ Kf7 35. Rd7+ Kg6 36. Rxa7 Rxg2 37. a4 Kh5 38. Rb7 Kxh4
39. Rxb6 Kg5 40. Rb7 Kg6 41. a5 Ra2 42. Ra7 h5 43. a6 Kf5 44. Rxg7 Rxa6 45. Rh7
Kg6 46. Rb7 Ra2 47. Rb4 Kg5 48. Kf1 f5 49. Kg1 Rc2 50. Ra4 h4 51. Rb4 h3 52.
f4+ Kg4 53. Rb3 Rg2+ 54. Kh1 Rf2 55. Kg1 Rxf4 56. Rb2 Kg3 57. Rg2+ Kh4 58. Ra2
Rg4+ 59. Kh1 Re4 60. Kg1 Kg4 61. Rb2 f4 62. Ra2 f3 63. Ra8 Kg3 64. Rg8+ Rg4 65.
Rh8 f2+ 66. Kf1 h2 67. Rh7 Rh4 68. Rg7+ Kf4 69. Rf7+ Ke5 70. Rxf2 h1=Q+ 0-1

[Event "GBR-ch"]
[Site "Aberystwyth, Wales"]
[Date "2014.07.25"]
[Round "7.27"]
[White "Fraser, John"]
[Black "Brown, Thomas"]
[Result "1/2-1/2"]
[WhiteElo "1854"]
[BlackElo "2104"]
[PlyCount "77"]
[EventDate "2014.07.19"]
[EventType "swiss"]
[EventRounds "11"]
[EventCountry "GBR"]
[Source "John Saunders"]
[SourceDate "2015.07.24"]

1. e4 c6 2. d4 d5 3. exd5 cxd5 4. c4 Nf6 5. Nc3 Nc6 6. Nf3 g6 7. cxd5 Nxd5 8.
Qb3 Nxc3 9. bxc3 Bg7 10. Bf4 O-O 11. Be2 b6 12. O-O Bb7 13. Rfe1 Qd7 14. Rac1
Rfe8 15. Bb5 Qf5 16. Bg3 e6 17. Qa4 Rec8 18. Ba6 Bxa6 19. Qxa6 Qa5 20. Qe2 a6
21. h4 Qd5 22. Ng5 b5 23. Ne4 Re8 24. Qf3 f5 25. Ng5 Bh6 26. Qe2 Re7 27. Be5
Nxe5 28. Qxe5 Qxe5 29. Rxe5 Bxg5 30. hxg5 Rc8 31. c4 bxc4 32. Rc5 Rec7 33.
R1xc4 Rxc5 34. dxc5 e5 35. Kf1 Kf7 36. Rh4 Rxc5 37. Rxh7+ Kg8 38. Ra7 Ra5 39.
Rb7 1/2-1/2

[Event "GBR-ch"]
[Site "Aberystwyth, Wales"]
[Date "2014.07.25"]
[Round "7.28"]
[White "Simons, Martin J"]
[Black "Clancy, Martin J"]
[Result "1/2-1/2"]
[WhiteElo "2087"]
[BlackElo "2009"]
[PlyCount "21"]
[EventDate "2014.07.19"]
[EventType "swiss"]
[EventRounds "11"]
[EventCountry "GBR"]
[Source "John Saunders"]
[SourceDate "2015.07.24"]

1. Nf3 Nf6 2. g3 g6 3. Bg2 Bg7 4. O-O d6 5. c4 e5 6. Nc3 O-O 7. d4 Nbd7 8. e4
c6 9. h3 Qe7 10. Be3 b5 11. dxe5 1/2-1/2

[Event "GBR-ch"]
[Site "Aberystwyth, Wales"]
[Date "2014.07.27"]
[Round "8.1"]
[White "Howell, David W L"]
[Black "Hawkins, Jonathan"]
[Result "1/2-1/2"]
[WhiteElo "2650"]
[BlackElo "2516"]
[PlyCount "63"]
[EventDate "2014.07.19"]
[EventType "swiss"]
[EventRounds "11"]
[EventCountry "GBR"]
[Source "John Saunders"]
[SourceDate "2015.07.24"]

1. d4 Nf6 2. Nf3 d5 3. c4 e6 4. Nc3 Bb4 5. Qa4+ Nc6 6. Bg5 dxc4 7. a3 Bxc3+ 8.
bxc3 Qd5 9. Bxf6 gxf6 10. Qc2 Na5 11. g3 b6 12. Bg2 Bb7 13. O-O O-O-O 14. Ra2
f5 15. Nh4 Qd6 16. Bxb7+ Kxb7 17. e4 fxe4 18. Qxe4+ Qd5 19. Qf4 Rhf8 20. Re1 f6
21. Rae2 e5 22. dxe5 fxe5 23. Qxe5 Qxe5 24. Rxe5 Nc6 25. R5e4 Rd2 26. f4 Ra2
27. Rxc4 Rxa3 28. f5 b5 29. Rf4 Rxc3 30. f6 Nd8 31. g4 Nf7 32. Nf3 1/2-1/2

[Event "GBR-ch"]
[Site "Aberystwyth, Wales"]
[Date "2014.07.27"]
[Round "8.3"]
[White "Hebden, Mark L"]
[Black "Emms, John M"]
[Result "1-0"]
[WhiteElo "2554"]
[BlackElo "2456"]
[PlyCount "103"]
[EventDate "2014.07.19"]
[EventType "swiss"]
[EventRounds "11"]
[EventCountry "GBR"]
[Source "John Saunders"]
[SourceDate "2015.07.24"]

1. d4 d5 2. c4 dxc4 3. Nf3 Nf6 4. e3 e6 5. Bxc4 a6 6. Qe2 b5 7. Bd3 Bb7 8. O-O
Nbd7 9. a4 b4 10. e4 Be7 11. Rd1 c5 12. dxc5 O-O 13. Bg5 Nxc5 14. Bc2 Nfd7 15.
Bxe7 Qxe7 16. Nbd2 a5 17. Nd4 Ne5 18. Qe3 Rfd8 19. Nb5 Rac8 20. h3 Ncd3 21.
Bxd3 Rxd3 22. Qe2 Rc2 23. f4 Qd8 24. fxe5 Rcxd2 25. Rxd2 Rxd2 26. Qe3 Rd3 27.
Qf4 Rd1+ 28. Rxd1 Qxd1+ 29. Kh2 Qd7 30. Qe3 Bc6 31. Nd6 Bxa4 32. Qb6 h6 33.
Qxa5 f6 34. Qxb4 fxe5 35. Qc5 Kh7 36. b4 Qe7 37. Qxe5 Bb3 38. b5 Qc7 39. Qg3
Ba4 40. e5 Qa7 41. Qd3+ Kh8 42. Qa3 Qd4 43. b6 Bc6 44. b7 Qf4+ 45. Qg3 Qb4 46.
Nf7+ Kg8 47. Nxh6+ Kh7 48. Nf7 Bd5 49. b8=R Qxb8 50. Qh4+ Kg6 51. Nh8+ Kf5 52.
Qg4+ 1-0

[Event "GBR-ch"]
[Site "Aberystwyth, Wales"]
[Date "2014.07.27"]
[Round "8.4"]
[White "Zhou, Yang-Fan"]
[Black "Fernandez, Daniel Howard"]
[Result "0-1"]
[WhiteElo "2475"]
[BlackElo "2396"]
[PlyCount "116"]
[EventDate "2014.07.19"]
[EventType "swiss"]
[EventRounds "11"]
[EventCountry "GBR"]
[Source "John Saunders"]
[SourceDate "2015.07.24"]

1. e4 c5 2. Nf3 d6 3. d4 cxd4 4. Nxd4 Nf6 5. Nc3 a6 6. Be3 e6 7. f3 Be7 8. Qd2
h5 9. Bc4 Nc6 10. O-O-O Na5 11. Bb3 Qc7 12. h3 h4 13. Kb1 Nc4 14. Qe2 Nxe3 15.
Qxe3 g5 16. Rhe1 Bd7 17. Re2 Qc5 18. Na4 Bxa4 19. Bxa4+ b5 20. Bb3 Nh5 21. c4
Nf4 22. Rc2 b4 23. Qd2 Kf8 24. Ba4 Qa5 25. b3 Qc5 26. Nc6 a5 27. Qd4 Qxd4 28.
Nxd4 Kg7 29. Nc6 Bf8 30. e5 d5 31. c5 Rc8 32. Bb5 Rc7 33. Kb2 f6 34. exf6+ Kxf6
35. a3 Be7 36. axb4 axb4 37. Rd4 Rhc8 38. Nxe7 Kxe7 39. c6 Rb8 40. Ba4 Kd6 41.
Kc1 Ke5 42. Rdd2 Kd6 43. Kd1 e5 44. Ke1 Ne6 45. Rc4 Nc5 46. Rg4 Nxa4 47. bxa4
b3 48. Rb2 Rxc6 49. Kd2 Rc4 50. Rxg5 Rxa4 51. g3 Ra2 52. Kc1 Rc8+ 53. Kb1 Rxb2+
54. Kxb2 Rf8 55. f4 e4 56. Kxb3 hxg3 57. Rg4 g2 58. Kc3 Rxf4 0-1

[Event "GBR-ch"]
[Site "Aberystwyth, Wales"]
[Date "2014.07.27"]
[Round "8.5"]
[White "Rudd, Jack"]
[Black "Williams, Simon K"]
[Result "0-1"]
[WhiteElo "2278"]
[BlackElo "2462"]
[PlyCount "50"]
[EventDate "2014.07.19"]
[EventType "swiss"]
[EventRounds "11"]
[EventCountry "GBR"]
[Source "John Saunders"]
[SourceDate "2015.07.24"]

1. e4 c5 2. Nf3 d6 3. d4 cxd4 4. Nxd4 Nf6 5. Nc3 a6 6. Bg5 e6 7. f4 Qc7 8. Qf3
b5 9. a4 b4 10. Na2 Bb7 11. Bd3 Nbd7 12. O-O-O Nc5 13. Rhe1 Be7 14. Nxb4 Rc8
15. f5 Qb6 16. c3 Nxd3+ 17. Rxd3 Qxb4 18. fxe6 Qxa4 19. Kb1 Rc5 20. Bxf6 Bxf6
21. Nf5 O-O 22. e7 Rb8 23. Rxd6 Ra5 24. Rxf6 Qa1+ 25. Kc2 Qxe1 0-1

[Event "GBR-ch"]
[Site "Aberystwyth, Wales"]
[Date "2014.07.27"]
[Round "8.6"]
[White "Arkell, Keith C"]
[Black "Tan, Justin"]
[Result "1/2-1/2"]
[WhiteElo "2433"]
[BlackElo "2375"]
[PlyCount "28"]
[EventDate "2014.07.19"]
[EventType "swiss"]
[EventRounds "11"]
[EventCountry "GBR"]
[Source "John Saunders"]
[SourceDate "2015.07.24"]

1. d4 d5 2. Nf3 Nf6 3. c4 c6 4. Nc3 dxc4 5. a4 Bf5 6. e3 e6 7. Bxc4 Bb4 8. O-O
O-O 9. Qe2 Bg4 10. h3 Bh5 11. Rd1 Nbd7 12. e4 Qe7 13. Bd2 Bxf3 14. Qxf3 e5
1/2-1/2

[Event "GBR-ch"]
[Site "Aberystwyth, Wales"]
[Date "2014.07.27"]
[Round "8.7"]
[White "Lewis, Andrew P"]
[Black "Ward, Chris G"]
[Result "0-1"]
[WhiteElo "2286"]
[BlackElo "2422"]
[PlyCount "58"]
[EventDate "2014.07.19"]
[EventType "swiss"]
[EventRounds "11"]
[EventCountry "GBR"]
[Source "John Saunders"]
[SourceDate "2015.07.24"]

1. Nf3 d5 2. c4 d4 3. g3 c5 4. b4 cxb4 5. a3 f6 6. Bg2 e5 7. O-O Nc6 8. e3 dxe3
9. fxe3 Qd3 10. Bb2 Nh6 11. Ne1 Qxc4 12. d3 Qb5 13. d4 Bd6 14. axb4 O-O 15. Nc3
Qxb4 16. Nd3 Qb6 17. Ne4 Be7 18. d5 Bg4 19. Qd2 Nb4 20. d6 Bxd6 21. Ba3 a5 22.
Nb2 Be7 23. Nc4 Qd8 24. Ned6 Kh8 25. Bxb4 axb4 26. Rxa8 Qxa8 27. Qxb4 Be2 28.
Rc1 Bxc4 29. Rxc4 Qd8 0-1

[Event "GBR-ch"]
[Site "Aberystwyth, Wales"]
[Date "2014.07.27"]
[Round "8.8"]
[White "Brown, Martin"]
[Black "Jackson, James P"]
[Result "0-1"]
[WhiteElo "2194"]
[BlackElo "2320"]
[PlyCount "70"]
[EventDate "2014.07.19"]
[EventType "swiss"]
[EventRounds "11"]
[EventCountry "GBR"]
[Source "John Saunders"]
[SourceDate "2015.07.24"]

1. e4 g6 2. d4 Bg7 3. Nc3 d6 4. f4 a6 5. Nf3 b5 6. Be3 Bb7 7. Bd3 Nd7 8. Qe2 c5
9. dxc5 Nxc5 10. Bxc5 Bxc3+ 11. bxc3 dxc5 12. e5 Nh6 13. O-O O-O 14. a4 c4 15.
Be4 Bxe4 16. Qxe4 Nf5 17. Nd4 Nxd4 18. cxd4 e6 19. Rfb1 Rb8 20. Rb4 Qc7 21. c3
bxa4 22. Rbxa4 Rb3 23. Rxa6 Rxc3 24. Rc6 Qd7 25. Rd6 Qb5 26. d5 Qc5+ 27. Kh1
Re3 28. Qc2 exd5 29. Qd2 Rd3 30. Qe1 c3 31. f5 c2 32. Rc1 Qd4 33. e6 Rd1 34. e7
Rxe1+ 35. Rxe1 Qd1 0-1